000 01103nam a2200253 a 4500
001 000040729
005 20201002034333.0
008 130905s2010 sp 001 0 spa d
020 _a9788432314124
020 _a9682312914 (obra completa)
040 _aDO-SdBNP
_bspa
_cBNPHU
100 1 _aWallerstein, Immanuel Maurice,
_c1930-
_967125
245 1 3 _aEl moderno sistema mundial /
_cImmanuel Maurice Wallerstein ; traducción de Antonio Resines (v.1),.
250 _a2a. ed.
260 _aMadrid :
_bSiglo Veintiuno,
_c2010.
300 _a3 v. :
_bil. ;
_c21 cm.
490 1 _aBiblioteca Ulpiano Ayala
500 _aLa biblioteca posee el v. 1 y 2
500 _aIncluye índice
504 _abibliografías : p.
505 0 _gv. 1:
_tLa agricultura capitalista y los orígenes de la economía-mundo europea en el siglo XVI. --
_gv. 2 :
_tEl mercantilismo y la consolidación de la economía-mundo europea, 1600-1750. --
_gv.3
_tLa segunda era de gran expansión de la economía-mundo capitalista, 1730-1850.
700 1 _aResines, Antonio,
_etr.
_949219
830 0 _aBiblioteca Ulpiano Ayala.
_967126
999 _c40219
_d40219